LIBRARY ONLINE CATALOGUE

The way of life / (Record no. 21776)

MARC details
000 -LEADER
fixed length control field 00968cam a22003371 4500
001 - CONTROL NUMBER
control field 6884598
003 - CONTROL NUMBER IDENTIFIER
control field OSt
005 - DATE AND TIME OF LATEST TRANSACTION
control field 20260703150830.0
008 - FIXED-LENGTH DATA ELEMENTS--GENERAL INFORMATION
fixed length control field 801119s1869 pau 000 0 eng
010 ## - LIBRARY OF CONGRESS CONTROL NUMBER
LC control number 33024574
020 ## - INTERNATIONAL STANDARD BOOK NUMBER
International Standard Book Number 9781848719521
035 ## - SYSTEM CONTROL NUMBER
System control number 6884598
035 ## - SYSTEM CONTROL NUMBER
System control number (OCoLC)6956164
040 ## - CATALOGING SOURCE
Original cataloging agency DLC
Transcribing agency TNJ
Modifying agency DLC
042 ## - AUTHENTICATION CODE
Authentication code premarc
050 00 - LIBRARY OF CONGRESS CALL NUMBER
Classification number BV4531
Item number .H55 2020
082 ## - DEWEY DECIMAL CLASSIFICATION NUMBER
Classification number 248
100 1# - MAIN ENTRY--PERSONAL NAME
Personal name Hodge, Charles,
Dates associated with a name 1797-1878.
245 14 - TITLE STATEMENT
Title The way of life /
Statement of responsibility, etc. Charles Hodge
260 ## - PUBLICATION, DISTRIBUTION, ETC. (IMPRINT)
Place of publication, distribution, etc. Edinburgh,
-- UK :
Name of publisher, distributor, etc. The banner of truth trust,
Date of publication, distribution, etc. 2020.
300 ## - PHYSICAL DESCRIPTION
Extent 276 p.
Dimensions 16 cm.
336 ## - CONTENT TYPE
Content type term text
Content type code txt
Source rdacontent
337 ## - MEDIA TYPE
Media type term unmediated
Media type code n
Source rdamedia
338 ## - CARRIER TYPE
Carrier type term volume
Carrier type code nc
Source rdacarrier
500 ## - GENERAL NOTE
General note .
530 ## - ADDITIONAL PHYSICAL FORM AVAILABLE NOTE
Additional physical form available note Also available in digital form.
583 ## - ACTION NOTE
Action Cataloguing:
Time/date of action 20260703
Action agent gtanuigtanui
906 ## - LOCAL DATA ELEMENT F, LDF (RLIN)
a 7
b cbc
c oclcrpl
d u
e ncip
f 19
g y-gencatlg
942 ## - ADDED ENTRY ELEMENTS (KOHA)
Source of classification or shelving scheme Library of Congress Classification
Koha item type General Collection
Holdings
Withdrawn status Lost status Source of classification or shelving scheme Not for loan Home library Current library Shelving location Date acquired Source of acquisition Inventory number Total Checkouts Full call number Barcode Date last seen Copy number Price effective from Koha item type
    Library of Congress Classification   Kabarak, Main Campus Kabarak, Main Campus General Stacks 03/07/2026 Donation 2026/4397   BV4531 .H55 2020 C.1 37956 03/07/2026 C.1 03/07/2026 General Collection